000 00775cab a2200241 4500
001 WB3501-13
008 090401t1998 xxu||||| |||| 00| 0 eng d
035 _a(Sirsi) u90438
041 _aeng
245 _aDevelopment guidance for RDAs
260 _c1998
350 _a0
490 _aDETR News Release
_v(1104) 17 December 1998 (3)
520 _aDraft guidance for Regional Development Agencies on sustainable development and rural policy is issued for consultation by the DETR. Comments by 22 January 1999.
650 _aDRAFT GUIDANCE
650 _aGUIDANCE NOTES
650 _aREGIONAL DEVELOPMENT AGENCIES
650 _aRURAL POLICY
650 _aSUSTAINABLE DEVELOPMENT
690 _aPROPERTY-PROPERTY DEVELOPMENT
942 _n0
948 _c22/12/1998
999 _c57342
_d57342